01220 a2200193 45000010006000000050017000060080041000230030015000640400040000790800145001192450027002642640037002913000019003285050587003471000017009347000023009517000023009747000029009973195820260407155621.0260407a1966 arg spa dAR-UNSa-BCEJYS aAR-UNSa-BCEJYSbspacAR-UNSa-BCEJYS a658.012.4xGestión. Dirección. Autoridad. Técnicas y métodos de gestión (gestión del conocimiento, Outsourcing, Benchmarking...)10aEl staff en la empresa 1aBilbao :bEdiciones Deustoc1966 a218 p.c25 cm. a1. El exceso de trabajo sobre la alta dirección - 2. Consecuencias del exceso de trabajo en la salud del director - 3. Como emplean su tiempo los ejecutivos - 4. Métodos para aligerar la tarea del ejecutivo - 5. El uso militar del staff - 6. Comparación entre los staff militares y los de empresa - 7. La presidencia de los Estados Unidos y el sistema de staff - 8. El adjunto en la empresa. Un perfil mixto - 9. Un bello confusionismo de denominaciones - 10. Estudio de casos en que un adjunto ha fracasado - 11. El uso práctico de puestos de staff general en las empresas 1 aDale, Ernest1 aUrwick, Lyndall F.1 aDe la LLosa, Pedro1 aOyarzábal, Maria Luisa